[Event "Prague Menchik Memorial Rapid"]
[Site "Prague"]
[Date "2022.06.05"]
[Round "3"]
[White "Pascucci, Marco"]
[Black "Jacko, Vladimir1"]
[Result "0-1"]
[WhiteElo "2155"]
[BlackElo "2389"]
[PlyCount "58"]
[EventDate "2022.06.05"]
[EventType "swiss (rapid)"]
[EventRounds "7"]
[EventCountry "CZE"]
[SourceTitle "CBM 208 Extra"]
[Source "ChessBase"]
[SourceDate "2022.07.31"]
[SourceVersion "1"]
[SourceVersionDate "2022.07.31"]
[SourceQuality "1"]

1. Nf3 Nf6 2. c4 b6 3. Nc3 Bb7 4. d4 e6 5. a3 Be7 6. Qc2 d5 7. Bf4 a6 8. cxd5 exd5 9. e3 Nbd7 10. Bd3 0-0 11. h4 Re8 12. h5 c5 13. g4 cxd4 14. Nxd4 Ne4 15. f3 Nxc3 16. bxc3 Nf8 17. Kf2 Bh4+ 18. Kg2 Bg5 19. Bxg5 Qxg5 20. Nf5 d4 21. cxd4 Qxg4+ 22. Kh2 Bxf3 23. Rhg1 Qxh5+ 24. Kg3 Ng6 25. Raf1 Rac8 26. Qb1 Ba8 27. e4 Rc3 28. d5 Rxe4 29. Kf2 Qxf5+ 0-1

[Event "Civitanova Marche op"]
[Site "Civitanova Marche"]
[Date "2012.08.27"]
[Round "7"]
[White "Valsecchi, Alessio"]
[Black "Pascucci, Marco"]
[Result "1-0"]
[WhiteElo "2411"]
[BlackElo "2119"]
[PlyCount "47"]
[EventDate "2012.08.21"]
[EventType "swiss"]
[EventRounds "9"]
[EventCountry "ITA"]
[SourceTitle "CBM 150 Extra"]
[Source "ChessBase"]
[SourceDate "2012.10.19"]
[SourceVersion "1"]
[SourceVersionDate "2012.10.19"]
[SourceQuality "1"]

1. d4 d5 2. Nf3 Nf6 3. c4 c6 4. Nc3 g6 5. cxd5 cxd5 6. Bf4 a6 7. e3 Bg7 8. Be2 0-0 9. h3 Nc6 10. 0-0 b5 11. Ne5 Bb7 12. Nd3 Ra7 13. Bf3 e6 14. b4 Re8 15. a4 Bf8 16. Qb1 Ne4 17. Bxe4 dxe4 18. Nc5 Bxc5 19. dxc5 e5 20. Rd1 Qb8 21. Nxe4 exf4 22. Nf6+ Kg7 23. Qb2 Re5 24. Nd7 1-0

[Event "Civitanova Marche op"]
[Site "Civitanova Marche"]
[Date "2012.08.22"]
[Round "2"]
[White "Pascucci, Marco"]
[Black "Horvath, Jozsef"]
[Result "0-1"]
[WhiteElo "2119"]
[BlackElo "2531"]
[PlyCount "86"]
[EventDate "2012.08.21"]
[EventType "swiss"]
[EventRounds "9"]
[EventCountry "ITA"]
[SourceTitle "CBM 150 Extra"]
[Source "ChessBase"]
[SourceDate "2012.10.19"]
[SourceVersion "1"]
[SourceVersionDate "2012.10.19"]
[SourceQuality "1"]

1. Nf3 g6 2. g3 Bg7 3. Bg2 e5 4. d4 exd4 5. Nxd4 d5 6. 0-0 Ne7 7. Bf4 0-0 8. c3 c6 9. Nd2 Nd7 10. e4 Nc5 11. Qc2 Ne6 12. Nxe6 Bxe6 13. Rad1 Re8 14. Nb3 Bg4 15. Rd2 Qc8 16. Nc5 b6 17. Nb3 dxe4 18. Bxe4 Nd5 19. Bd6 Qe6 20. c4 Qxe4 21. Qxe4 Rxe4 22. cxd5 Bh3 23. f3 Ra4 24. dxc6 Bxf1 25. Kxf1 Rxa2 26. Ba3 Rc8 27. c7 Bf6 28. Rd7 Kg7 29. Nd2 Rxa3 30. bxa3 Be5 31. f4 Rxc7 32. Rd5 Bf6 33. Ne4 Be7 34. Rd3 Rc4 35. Nc3 Bc5 36. Nb5 a6 37. Nc7 Ra4 38. Rd7 Kf8 39. Nd5 Rxa3 40. Nf6 h5 41. Nh7+ Kg8 42. Ng5 Re3 43. f5 Bd6 0-1

[Event "Porto San Giorgio op 23rd"]
[Site "Porto San Giorgio"]
[Date "2011.08.24"]
[Round "5"]
[White "Pascucci, Marco"]
[Black "Cocuzzi, Edoardo"]
[Result "1-0"]
[WhiteElo "2091"]
[BlackElo "1926"]
[PlyCount "61"]
[EventDate "2011.08.21"]
[EventType "swiss"]
[EventRounds "9"]
[EventCountry "ITA"]
[SourceTitle "CBM 144 Extra"]
[Source "ChessBase"]
[SourceDate "2011.10.28"]
[SourceVersion "1"]
[SourceVersionDate "2011.10.28"]
[SourceQuality "1"]

1. Nf3 f5 2. g3 g6 3. Bg2 Bg7 4. d4 Nf6 5. 0-0 0-0 6. c3 d6 7. Qb3+ e6 8. Ng5 d5 9. c4 c6 10. Nc3 h6 11. Nf3 Nbd7 12. Bf4 Nb6 13. c5 Nbd7 14. Bd6 Rf7 15. Ne5 Nxe5 16. dxe5 Nd7 17. f4 Qa5 18. Qa4 Qxa4 19. Nxa4 Bf8 20. b4 b6 21. Rac1 Ba6 22. Bxf8 Kxf8 23. cxb6 axb6 24. Rxc6 Bb5 25. Rxe6 Rxa4 26. Rxg6 Re7 27. Bxd5 Rg7 28. Rxh6 Rxb4 29. Rc1 Ba6 30. Rcc6 Bb7 31. Rh8+ 1-0

[Event "Sicilia Regional-ch"]
[Site "Erice"]
[Date "2009.06.01"]
[Round "4"]
[White "Valguarnera, Girolamo"]
[Black "Pascucci, Marco"]
[Result "1-0"]
[WhiteElo "2127"]
[BlackElo "2022"]
[PlyCount "99"]
[EventDate "2009.05.30"]
[EventType "swiss"]
[EventRounds "7"]
[EventCountry "ITA"]
[SourceTitle "EXT 2011"]
[Source "ChessBase"]
[SourceDate "2010.11.26"]
[SourceVersion "1"]
[SourceVersionDate "2010.11.26"]
[SourceQuality "1"]

1. d4 Nf6 2. Nf3 g6 3. c4 Bg7 4. Nc3 0-0 5. e4 d6 6. Be2 e5 7. d5 a5 8. Bg5 h6 9. Bd2 Na6 10. Qc2 Nc5 11. h3 Nh5 12. g3 f5 13. Nh4 fxe4 14. Nxe4 Nxe4 15. Qxe4 Bf5 16. Nxf5 gxf5 17. Qf3 Nf6 18. Qxf5 Qe7 19. Qg6 Qf7 20. Qxf7+ Rxf7 21. Be3 Kh8 22. 0-0 Raf8 23. Kg2 Ng8 24. Bg4 Ne7 25. Be6 Rf6 26. c5 c6 27. cxd6 Nxd5 28. Bxd5 cxd5 29. Bc5 Rd8 30. Rac1 Bf8 31. Rfd1 d4 32. f4 Bxd6 33. fxe5 Bxe5 34. Be7 Rd7 35. Bxf6+ Bxf6 36. Rd3 Bg5 37. Rcd1 Bf6 38. h4 Kg7 39. Kf3 Kf7 40. Ke4 Re7+ 41. Kd5 Re6 42. Rf1 Ke7 43. Rdf3 Rd6+ 44. Ke4 h5 45. Kd3 Re6 46. R1f2 b6 47. Re2 Rxe2 48. Kxe2 d3+ 49. Kxd3 Bxb2 50. Rf5 1-0

[Event "Bratto op-A 28th"]
[Site "Bratto"]
[Date "2008.08.22"]
[Round "1"]
[White "Pascucci, Marco"]
[Black "Sbarra, Marco"]
[Result "0-1"]
[WhiteElo "2009"]
[BlackElo "2236"]
[PlyCount "104"]
[EventDate "2008.08.22"]
[EventType "swiss"]
[EventRounds "9"]
[EventCountry "ITA"]
[SourceTitle "CBM 126 Extra"]
[Source "ChessBase"]
[SourceDate "2008.11.05"]
[SourceVersion "1"]
[SourceVersionDate "2008.11.05"]
[SourceQuality "1"]

1. e4 e5 2. Nf3 Nc6 3. Bb5 a6 4. Ba4 Nf6 5. 0-0 b5 6. Bb3 Bc5 7. Re1 d6 8. h3 0-0 9. c3 h6 10. a4 Bb7 11. d3 Ne7 12. Nbd2 Ng6 13. Nf1 Re8 14. Ng3 d5 15. exd5 Bxd5 16. Bxd5 Qxd5 17. Ne4 Be7 18. Qe2 c5 19. Nxf6+ Bxf6 20. Qe4 Rad8 21. axb5 axb5 22. Qxd5 Rxd5 23. Ra5 Rb8 24. c4 Rxd3 25. cxb5 Bd8 26. Ra3 Rd5 27. Rb3 Ba5 28. Rf1 c4 29. Re3 Rdxb5 30. Re4 Rc8 31. g4 f6 32. Rd1 Rb3 33. Kg2 Rd3 34. Rh1 Kf7 35. h4 Ke6 36. g5 f5 37. Re2 e4 38. h5 Rxf3 39. hxg6 hxg5 40. Bxg5 Bd8 41. Rh8 Kd7 42. Bxd8 Rxd8 43. Rxd8+ Kxd8 44. Rc2 Ke7 45. Rxc4 Rb3 46. Rc6 Rxb2 47. Kg3 Rd2 48. Kf4 Rxf2+ 49. Ke5 e3 50. Rc7+ Kd8 51. Rxg7 e2 52. Kd6 e1Q 0-1